Vyprávění pod vrbou

Bibliographic Details
Main Author: Grahame, Kenneth, 1859-1932 (Author)
Other Authors: Cloke, Rene, 1904-1995 (Illustrator), Řezníčková, Daniela (Translator)
Format: Book
Language:Czech
Published: Praha Fortuna Print c1998
Edition:2. upr. vyd.
Subjects:

MARC

LEADER 00000nam a2200000 a 4500
001 vtls001363123
003 SK-MaSNL
005 20260302034033.0
008 240314s1998 xr a ra cze
020 |a 8086144089  |c b.c. 
035 |a SNK000316726 
035 |a urn:nbn:sk:snk-amtk5p 
035 |a urn:nbn:sk:snk-am00c6e6 
035 |a 66B49952-94FA-4857-B073-C7242543A687 
040 |a SNK  |b slo  |c SNK  |e AACR2 
041 0 |a cze 
044 |a CZ 
080 |a 820-93=850  |2 1981 
080 |a 820-34=850  |2 1981 
100 1 |a Grahame, Kenneth,  |d 1859-1932  |4 aut  |9 41122 
245 1 0 |a Vyprávění pod vrbou  |c Kanneth Grahame ; ilustroval Rene Cloke ; [podle originálu převyprávěla Daniela Řezníčková] 
250 |a 2. upr. vyd. 
260 |a Praha  |b Fortuna Print  |c c1998  |e [Martin  |f Neografia] 
300 |a 125 s.  |c 29 cm 
650 0 7 |a literatúra pre deti  |2 SNK  |9 55721 
650 0 7 |a anglické rozprávky  |2 SNK  |9 299020 
700 1 |a Cloke, Rene,  |d 1904-1995  |4 ill  |9 247151 
700 1 |a Řezníčková, Daniela  |4 trl  |9 46643 
919 |a 80-86144-08-9 
999 |c 1064458  |d 1066388 
952 |t P60, <03>, [BOOK], {603}  |a SNK  |b SNK  |y PREZ  |7 0  |p 17A0194837  |o snkSB 60310  |i snkKSP 5566/99  |0 0  |1 0  |4 0  |d 1999-05-14  |f 1  |l 0  |r 2025-04-10 00:00:00  |w 2026-02-24